ARRUPE JESUIT UNIVERSITY

CORONAVIRUS -STOP THE SPREAD - CLEAN,DISINFECT,COVER

Critique of scientific reason / (Record no. 123193)

MARC details
000 -LEADER
fixed length control field 01072cam a2200313 a 4500
001 - CONTROL NUMBER
control field 3751948
003 - CONTROL NUMBER IDENTIFIER
control field ARRUPE
005 - DATE AND TIME OF LATEST TRANSACTION
control field 20150914122554.0
008 - FIXED-LENGTH DATA ELEMENTS--GENERAL INFORMATION
fixed length control field 821201s1983 ilu b 001 0 eng
010 ## - LIBRARY OF CONGRESS CONTROL NUMBER
LC control number 82023690
020 ## - INTERNATIONAL STANDARD BOOK NUMBER
International Standard Book Number 0226357082
020 ## - INTERNATIONAL STANDARD BOOK NUMBER
International Standard Book Number 0226357090 (pbk.)
040 ## - CATALOGING SOURCE
Original cataloging agency DLC
Transcribing agency DLC
Modifying agency DLC
041 1# - LANGUAGE CODE
Language code of text/sound track or separate title eng
Language code of original and/or intermediate translations of text ger
050 00 - LIBRARY OF CONGRESS CALL NUMBER
Classification number Q175
Item number .H891513 1983
082 00 - DEWEY DECIMAL CLASSIFICATION NUMBER
Classification number 501
Edition number 19
300 ## - PHYSICAL DESCRIPTION
Dimensions 24 cm.
100 1# - MAIN ENTRY--PERSONAL NAME
Personal name Hübner, Kurt,
Dates associated with a name 1921-2013.
9 (RLIN) 19182
240 10 - UNIFORM TITLE
Uniform title <a href="Kritik der wissenschaftlichen Vernunft.">Kritik der wissenschaftlichen Vernunft.</a>
Language of a work English
245 10 - TITLE STATEMENT
Title Critique of scientific reason /
Statement of responsibility, etc Kurt Hübner ; translated by Paul R. Dixon, Jr., & Hollis M. Dixon.
260 ## - PUBLICATION, DISTRIBUTION, ETC. (IMPRINT)
Place of publication, distribution, etc Chicago :
Name of publisher, distributor, etc University of Chicago Press,
Date of publication, distribution, etc c1983.
300 ## - PHYSICAL DESCRIPTION
Extent xii, 283 p. ;
500 ## - GENERAL NOTE
General note Translation of: Kritik der wissenschaftlichen Vernunft.
504 ## - BIBLIOGRAPHY, ETC. NOTE
Bibliography, etc Includes bibliographical references and indexes.
650 #0 - SUBJECT ADDED ENTRY--TOPICAL TERM
Topical term or geographic name as entry element Science
General subdivision Philosophy.
9 (RLIN) 19183
650 #0 - SUBJECT ADDED ENTRY--TOPICAL TERM
Topical term or geographic name as entry element Quantum theory.
9 (RLIN) 19184
650 #0 - SUBJECT ADDED ENTRY--TOPICAL TERM
Topical term or geographic name as entry element Technology
General subdivision Philosophy.
9 (RLIN) 13704
906 ## - LOCAL DATA ELEMENT F, LDF (RLIN)
a 7
b cbc
c orignew
d 1
e ocip
f 19
g y-gencatlg
942 ## - ADDED ENTRY ELEMENTS (KOHA)
Source of classification or shelving scheme Library of Congress Classification
Koha item type Monograph ( Printed materials)
Holdings
Withdrawn status Lost status Source of classification or shelving scheme Damaged status Not for loan Collection code Home library Current library Shelving location Date acquired Total Checkouts Full call number Barcode Date last seen Date checked out Price effective from Koha item type
    Library of Congress Classification     Main Collection ARRUPE LIBRARY ARRUPE LIBRARY Main Collection 28/08/2015 2 Q175 .H891513 1983 46500004099 13/12/2019 08/10/2019 28/08/2015 Monograph ( Printed materials)

 

Arrupe Library. PO Box MP320 Mt Pleasant, Harare, Zimbabwe
263 242 745411|librarian@aju.ac.zw